000 00851cam a2200217 i 4500
005 20251123122107.0
008 250721s2005 jo gr 000 0 ara d
082 1 4 _a211.2
_bم ن ي
100 1 _aشكري، أحمد خالد
_eمعد.
245 1 2 _aالمنير في أحكام التجويد /
_cد. أحمد خالد شكري [وثمانية آخرون].
250 _aالطبعة السادسة.
264 3 1 _aعمان :
_bجمعية المحافظة على القرآن الكريم،
_c2005.
300 _a296 صفحة.
490 0 _aجمعية المحافظة على القرآن ؛
_vرقم 1.
650 1 7 _aالقرآن الكريم.
650 1 7 _aأحكام التجويد.
650 1 7 _aسور القرآن.
830 0 _aجمعية المحافظة على القرآن.
942 _2ddc
_cBK
999 _c93532
_d93532